header

Animal Ark: Cats at the Campground (Record no. 260620)

MARC details
000 -LEADER
fixed length control field 00251nam a22001097a 4500
020 ## - INTERNATIONAL STANDARD BOOK NUMBER
ISBN 0439343933
100 ## - MAIN ENTRY--AUTHOR NAME
Personal name Ben M. Baglio
245 ## - TITLE STATEMENT
Title Animal Ark: Cats at the Campground
260 ## - PUBLICATION, DISTRIBUTION, ETC. (IMPRINT)
Place of publication New York
Name of publisher Scholastic
Year of publication 2001
300 ## - PHYSICAL DESCRIPTION
Number of Pages 132 pgs
942 ## - ADDED ENTRY ELEMENTS (KOHA)
Koha item type Long Loan Books
Holdings
Withdrawn status Lost status Collection code Home library Current library Shelving location Date acquired Accession Number Koha item type
    Fiction Rongo University Library Rongo University Library Children's Area 12/09/2023 CL20222302 Long Loan Books

© 2026 Rongo University
Contact us: librarian | system librarian | Rongo university